<?xml version="1.0" encoding="UTF-8"?>
<record
    xmlns:xsi="http://www.w3.org/2001/XMLSchema-instance"
    xsi:schemaLocation="http://www.loc.gov/MARC21/slim http://www.loc.gov/standards/marcxml/schema/MARC21slim.xsd"
    xmlns="http://www.loc.gov/MARC21/slim">

  <leader>02878nam a22003375a 4500</leader>
  <controlfield tag="003">OSt</controlfield>
  <controlfield tag="005">20170506133926.0</controlfield>
  <controlfield tag="008">170506s2009    ua     frb    000 0 ara d</controlfield>
  <datafield tag="015" ind1=" " ind2=" ">
    <subfield code="a">2009 / 22577</subfield>
  </datafield>
  <datafield tag="040" ind1=" " ind2=" ">
    <subfield code="a">EG-ScBUE</subfield>
    <subfield code="b">ara</subfield>
    <subfield code="c">EG-ScBUE</subfield>
  </datafield>
  <datafield tag="043" ind1=" " ind2=" ">
    <subfield code="a">f-ua---</subfield>
  </datafield>
  <datafield tag="082" ind1="0" ind2="4">
    <subfield code="a">342.6206</subfield>
    <subfield code="b">&#x623; &#x628; &#x648;</subfield>
    <subfield code="2">22</subfield>
  </datafield>
  <datafield tag="100" ind1="1" ind2=" ">
    <subfield code="a">&#x623;&#x628;&#x648; &#x627;&#x644;&#x639;&#x64A;&#x646;&#x64A;&#x646;&#x60C; &#x645;&#x62D;&#x645;&#x62F; &#x645;&#x627;&#x647;&#x631;.</subfield>
  </datafield>
  <datafield tag="245" ind1="1" ind2="0">
    <subfield code="a">&#x62A;&#x637;&#x648;&#x631; &#x642;&#x636;&#x627;&#x621; &#x627;&#x644;&#x625;&#x644;&#x63A;&#x627;&#x621;&#x60C; &#x648;&#x62F;&#x648;&#x631; &#x627;&#x644;&#x642;&#x627;&#x636;&#x64A; &#x627;&#x644;&#x625;&#x62F;&#x627;&#x631;&#x64A; &#x641;&#x64A; &#x62D;&#x645;&#x627;&#x64A;&#x629; &#x627;&#x644;&#x62D;&#x642;&#x648;&#x642; &#x648;&#x627;&#x644;&#x62D;&#x631;&#x64A;&#x627;&#x62A; &#x627;&#x644;&#x639;&#x627;&#x645;&#x629; &#x648;&#x62D;&#x642;&#x648;&#x642; &#x627;&#x644;&#x625;&#x646;&#x633;&#x627;&#x646; :</subfield>
    <subfield code="b">&#x62F;&#x631;&#x627;&#x633;&#x629; &#x62A;&#x637;&#x628;&#x64A;&#x642;&#x64A;&#x629; &#x644;&#x62F;&#x648;&#x631; &#x627;&#x644;&#x642;&#x627;&#x636;&#x64A; &#x627;&#x644;&#x625;&#x62F;&#x627;&#x631;&#x64A; &#x641;&#x64A; &#x645;&#x635;&#x631; /</subfield>
    <subfield code="c">&#x645;&#x62D;&#x645;&#x62F; &#x645;&#x627;&#x647;&#x631; &#x623;&#x628;&#x648; &#x627;&#x644;&#x639;&#x64A;&#x646;&#x64A;&#x646;.</subfield>
  </datafield>
  <datafield tag="260" ind1=" " ind2=" ">
    <subfield code="a">[&#x62F;. &#x645;. :</subfield>
    <subfield code="b">&#x62F;. &#x646;.]&#x60C;</subfield>
    <subfield code="c">2009</subfield>
    <subfield code="e">(&#x627;&#x644;&#x642;&#x627;&#x647;&#x631;&#x629; :</subfield>
    <subfield code="f">&#x62F;&#x627;&#x631; &#x623;&#x628;&#x648; &#x627;&#x644;&#x645;&#x62C;&#x62F; &#x644;&#x644;&#x637;&#x628;&#x627;&#x639;&#x629;)</subfield>
  </datafield>
  <datafield tag="300" ind1=" " ind2=" ">
    <subfield code="a">3 &#x645;&#x62C;. &#x61B;</subfield>
    <subfield code="c">24 &#x633;&#x645;.</subfield>
  </datafield>
  <datafield tag="500" ind1=" " ind2=" ">
    <subfield code="a">&#x64A;&#x634;&#x62A;&#x645;&#x644; &#x639;&#x644;&#x649; &#x645;&#x644;&#x62D;&#x642; &#x62E;&#x627;&#x635; "&#x648;&#x642;&#x641; &#x62A;&#x646;&#x641;&#x64A;&#x630; &#x627;&#x644;&#x642;&#x631;&#x627;&#x631; &#x627;&#x644;&#x625;&#x62F;&#x627;&#x631;&#x64A; &#x648;&#x627;&#x644;&#x642;&#x636;&#x627;&#x621; &#x627;&#x644;&#x645;&#x633;&#x62A;&#x639;&#x62C;&#x644; &#x641;&#x64A; &#x645;&#x62C;&#x644;&#x633; &#x627;&#x644;&#x62F;&#x648;&#x644;&#x629;" -- &#x627;&#x644;&#x645;&#x62C;&#x644;&#x62F; &#x627;&#x644;&#x623;&#x648;&#x644;&#x60C; &#x635;&#x641;&#x62D;&#x629; &#x627;&#x644;&#x639;&#x646;&#x648;&#x627;&#x646;.</subfield>
  </datafield>
  <datafield tag="500" ind1=" " ind2=" ">
    <subfield code="a">&#x64A;&#x634;&#x62A;&#x645;&#x644; &#x639;&#x644;&#x649; &#x645;&#x644;&#x62D;&#x642; &#x62E;&#x627;&#x635; "&#x645;&#x62C;&#x644;&#x633; &#x627;&#x644;&#x62F;&#x648;&#x644;&#x629; &#x648;&#x627;&#x644;&#x634;&#x623;&#x646; &#x627;&#x644;&#x645;&#x633;&#x64A;&#x62D;&#x64A;" -- &#x627;&#x644;&#x645;&#x62C;&#x644;&#x62F; &#x627;&#x644;&#x62B;&#x627;&#x644;&#x62B;&#x60C; &#x635;&#x641;&#x62D;&#x629; &#x627;&#x644;&#x639;&#x646;&#x648;&#x627;&#x646;.</subfield>
  </datafield>
  <datafield tag="504" ind1=" " ind2=" ">
    <subfield code="a">&#x64A;&#x634;&#x62A;&#x645;&#x644; &#x639;&#x644;&#x649; &#x625;&#x631;&#x62C;&#x627;&#x639;&#x627;&#x62A; &#x628;&#x628;&#x644;&#x64A;&#x648;&#x62C;&#x631;&#x627;&#x641;&#x64A;&#x629;.</subfield>
  </datafield>
  <datafield tag="505" ind1="0" ind2=" ">
    <subfield code="a">&#x645;&#x62C;. 1. &#x627;&#x644;&#x642;&#x627;&#x636;&#x64A; &#x627;&#x644;&#x625;&#x62F;&#x627;&#x631;&#x64A; &#x648;&#x62A;&#x637;&#x648;&#x631;&#x627;&#x62A; &#x634;&#x631;&#x648;&#x637; &#x642;&#x628;&#x648;&#x644; &#x62F;&#x639;&#x648;&#x649; &#x627;&#x644;&#x625;&#x644;&#x63A;&#x627;&#x621;&#x60C; &#x627;&#x644;&#x642;&#x631;&#x627;&#x631; &#x627;&#x644;&#x625;&#x62F;&#x627;&#x631;&#x64A; &#x645;&#x62D;&#x644; &#x62F;&#x639;&#x648;&#x649; &#x627;&#x644;&#x625;&#x644;&#x63A;&#x627;&#x621; &#x641;&#x64A; &#x627;&#x644;&#x62A;&#x637;&#x628;&#x64A;&#x642; &#x627;&#x644;&#x642;&#x636;&#x627;&#x626;&#x64A;&#x60C; &#x625;&#x62C;&#x631;&#x627;&#x621;&#x627;&#x62A; &#x648;&#x645;&#x648;&#x627;&#x639;&#x64A;&#x62F; &#x62F;&#x639;&#x648;&#x649; &#x627;&#x644;&#x625;&#x644;&#x63A;&#x627;&#x621;&#x60C; &#x627;&#x644;&#x645;&#x635;&#x644;&#x62D;&#x629; &#x648;&#x627;&#x644;&#x635;&#x641;&#x629; &#x648;&#x627;&#x644;&#x623;&#x647;&#x644;&#x64A;&#x629;&#x60C; &#x62D;&#x633;&#x627;&#x628; &#x627;&#x644;&#x645;&#x64A;&#x639;&#x627;&#x62F; &#x648;&#x642;&#x637;&#x639;&#x647; &#x648;&#x648;&#x642;&#x641;&#x647;&#x60C; &#x644;&#x62C;&#x627;&#x646; &#x627;&#x644;&#x62A;&#x648;&#x641;&#x64A;&#x642; &#x641;&#x64A; &#x627;&#x644;&#x645;&#x646;&#x627;&#x632;&#x639;&#x627;&#x62A; -- &#x645;&#x62C;. 2. &#x627;&#x644;&#x642;&#x627;&#x636;&#x64A; &#x627;&#x644;&#x625;&#x62F;&#x627;&#x631;&#x64A; &#x648;&#x62A;&#x637;&#x648;&#x631; &#x623;&#x633;&#x628;&#x627;&#x628; &#x625;&#x644;&#x63A;&#x627;&#x621; &#x627;&#x644;&#x642;&#x631;&#x627;&#x631;&#x627;&#x62A; &#x627;&#x644;&#x625;&#x62F;&#x627;&#x631;&#x64A;&#x629;&#x60C; &#x627;&#x644;&#x63A;&#x634; &#x648;&#x627;&#x644;&#x62A;&#x62F;&#x644;&#x64A;&#x633; &#x648;&#x623;&#x62B;&#x631;&#x647; &#x639;&#x644;&#x649; &#x625;&#x631;&#x627;&#x62F;&#x629; &#x645;&#x635;&#x62F;&#x631; &#x627;&#x644;&#x642;&#x631;&#x627;&#x631; ... &#x623;&#x647;&#x645; &#x627;&#x644;&#x641;&#x62A;&#x627;&#x648;&#x649; &#x648;&#x627;&#x644;&#x623;&#x62D;&#x643;&#x627;&#x645; &#x641;&#x64A; &#x647;&#x630;&#x627; &#x627;&#x644;&#x62E;&#x635;&#x648;&#x635;. -- &#x645;&#x62C;. 3. &#x648;&#x641;&#x642;&#x627; &#x644;&#x623;&#x62D;&#x643;&#x627;&#x645; &#x645;&#x62D;&#x643;&#x645;&#x629; &#x627;&#x644;&#x642;&#x636;&#x627;&#x621; &#x627;&#x644;&#x625;&#x62F;&#x627;&#x631;&#x64A; &#x648;&#x627;&#x644;&#x645;&#x62D;&#x643;&#x645;&#x629; &#x627;&#x644;&#x625;&#x62F;&#x627;&#x631;&#x64A;&#x629; &#x627;&#x644;&#x639;&#x644;&#x64A;&#x627; &#x648;&#x641;&#x62A;&#x627;&#x648;&#x649; &#x627;&#x644;&#x62C;&#x645;&#x639;&#x64A;&#x629; &#x627;&#x644;&#x639;&#x645;&#x648;&#x645;&#x64A;&#x629; &#x644;&#x642;&#x633;&#x645;&#x64A; &#x627;&#x644;&#x641;&#x62A;&#x648;&#x649; &#x648;&#x627;&#x644;&#x62A;&#x634;&#x631;&#x64A;&#x639; &#x648;&#x623;&#x62D;&#x643;&#x627;&#x645; &#x627;&#x644;&#x646;&#x642;&#x636; &#x648;&#x627;&#x644;&#x62F;&#x633;&#x62A;&#x648;&#x631;&#x64A;&#x629; &#x627;&#x644;&#x639;&#x644;&#x64A;&#x627; &#x648;&#x645;&#x628;&#x627;&#x62F;&#x626; &#x627;&#x644;&#x634;&#x631;&#x64A;&#x639;&#x629; &#x627;&#x644;&#x625;&#x633;&#x644;&#x627;&#x645;&#x64A;&#x629; ... &#x62D;&#x631;&#x64A;&#x629; &#x627;&#x644;&#x639;&#x642;&#x64A;&#x62F;&#x629; &#x648;&#x645;&#x645;&#x627;&#x631;&#x633;&#x629; &#x627;&#x644;&#x634;&#x639;&#x627;&#x626;&#x631; &#x627;&#x644;&#x62F;&#x64A;&#x646;&#x64A;&#x629;. </subfield>
  </datafield>
  <datafield tag="610" ind1="1" ind2="7">
    <subfield code="a">&#x645;&#x635;&#x631;.</subfield>
    <subfield code="b">&#x627;&#x644;&#x645;&#x62D;&#x643;&#x645;&#x629; &#x627;&#x644;&#x62F;&#x633;&#x62A;&#x648;&#x631;&#x64A;&#x629; &#x627;&#x644;&#x639;&#x644;&#x64A;&#x627;.</subfield>
    <subfield code="2">BUEsh</subfield>
    <subfield code="9">41178</subfield>
  </datafield>
  <datafield tag="610" ind1="1" ind2="7">
    <subfield code="a">&#x645;&#x635;&#x631;.</subfield>
    <subfield code="b">&#x627;&#x644;&#x645;&#x62D;&#x643;&#x645;&#x629; &#x627;&#x644;&#x625;&#x62F;&#x627;&#x631;&#x64A;&#x629; &#x627;&#x644;&#x639;&#x644;&#x64A;&#x627;.</subfield>
    <subfield code="2">BUEsh</subfield>
    <subfield code="9">41179</subfield>
  </datafield>
  <datafield tag="610" ind1="1" ind2="7">
    <subfield code="a">&#x645;&#x635;&#x631;.</subfield>
    <subfield code="b">&#x645;&#x62D;&#x643;&#x645;&#x629; &#x627;&#x644;&#x642;&#x636;&#x627;&#x621; &#x627;&#x644;&#x625;&#x62F;&#x627;&#x631;&#x64A;.</subfield>
    <subfield code="2">BUEsh</subfield>
  </datafield>
  <datafield tag="650" ind1=" " ind2="7">
    <subfield code="a">&#x642;&#x636;&#x627;&#x621; &#x627;&#x644;&#x625;&#x644;&#x63A;&#x627;&#x621;</subfield>
    <subfield code="z">&#x645;&#x635;&#x631;.</subfield>
    <subfield code="2">BUEsh</subfield>
  </datafield>
  <datafield tag="650" ind1=" " ind2="7">
    <subfield code="a">&#x62D;&#x642;&#x648;&#x642; &#x627;&#x644;&#x625;&#x646;&#x633;&#x627;&#x646; </subfield>
    <subfield code="x">&#x642;&#x648;&#x627;&#x646;&#x64A;&#x646; &#x648;&#x62A;&#x634;&#x631;&#x64A;&#x639;&#x627;&#x62A;</subfield>
    <subfield code="z">&#x645;&#x635;&#x631;.</subfield>
    <subfield code="2">BUEsh</subfield>
  </datafield>
  <datafield tag="650" ind1=" " ind2="7">
    <subfield code="a">&#x627;&#x644;&#x62D;&#x631;&#x64A;&#x629;</subfield>
    <subfield code="x">&#x642;&#x648;&#x627;&#x646;&#x64A;&#x646; &#x648;&#x62A;&#x634;&#x631;&#x64A;&#x639;&#x627;&#x62A;</subfield>
    <subfield code="z">&#x645;&#x635;&#x631;.</subfield>
    <subfield code="2">BUEsh</subfield>
  </datafield>
  <datafield tag="650" ind1=" " ind2="7">
    <subfield code="a">&#x627;&#x644;&#x642;&#x636;&#x627;&#x621; &#x627;&#x644;&#x625;&#x62F;&#x627;&#x631;&#x64A;.</subfield>
    <subfield code="z">&#x645;&#x635;&#x631;.</subfield>
    <subfield code="2">BUEsh</subfield>
    <subfield code="9">41077</subfield>
  </datafield>
  <datafield tag="651" ind1=" " ind2=" ">
    <subfield code="2">BUEsh</subfield>
  </datafield>
  <datafield tag="653" ind1=" " ind2=" ">
    <subfield code="b">LLAAWW</subfield>
    <subfield code="c">May2017</subfield>
  </datafield>
  <datafield tag="942" ind1=" " ind2=" ">
    <subfield code="2">ddc</subfield>
  </datafield>
  <datafield tag="999" ind1=" " ind2=" ">
    <subfield code="c">24779</subfield>
    <subfield code="d">24751</subfield>
  </datafield>
  <datafield tag="952" ind1=" " ind2=" ">
    <subfield code="0">0</subfield>
    <subfield code="1">0</subfield>
    <subfield code="2">ddc</subfield>
    <subfield code="4">0</subfield>
    <subfield code="7">0</subfield>
    <subfield code="8">Scien G.</subfield>
    <subfield code="a">MAIN</subfield>
    <subfield code="b">MAIN</subfield>
    <subfield code="c">1ST</subfield>
    <subfield code="d">2017-05-06</subfield>
    <subfield code="e">Purchase</subfield>
    <subfield code="g">500.00</subfield>
    <subfield code="h">666</subfield>
    <subfield code="o">342.6206 &#x623; &#x628; &#x648;</subfield>
    <subfield code="p">000046046</subfield>
    <subfield code="r">2025-11-30 00:00:00</subfield>
    <subfield code="s">2025-11-23</subfield>
    <subfield code="v">625.00</subfield>
    <subfield code="x">&#x627;&#x644;&#x633;&#x639;&#x631; &#x644;3 &#x645;&#x62C;&#x644;&#x62F;&#x627;&#x62A; </subfield>
    <subfield code="y">BB</subfield>
    <subfield code="z">&#x645;&#x62C;. 1</subfield>
  </datafield>
  <datafield tag="952" ind1=" " ind2=" ">
    <subfield code="0">0</subfield>
    <subfield code="1">0</subfield>
    <subfield code="2">ddc</subfield>
    <subfield code="4">0</subfield>
    <subfield code="7">0</subfield>
    <subfield code="8">Scien G.</subfield>
    <subfield code="a">MAIN</subfield>
    <subfield code="b">MAIN</subfield>
    <subfield code="c">1ST</subfield>
    <subfield code="d">2017-05-06</subfield>
    <subfield code="e">Purchase</subfield>
    <subfield code="g">500.00</subfield>
    <subfield code="h">666</subfield>
    <subfield code="o">342.6206 &#x623; &#x628; &#x648;</subfield>
    <subfield code="p">000046047</subfield>
    <subfield code="r">2025-12-03 00:00:00</subfield>
    <subfield code="s">2025-11-23</subfield>
    <subfield code="v">625.00</subfield>
    <subfield code="x">&#x627;&#x644;&#x633;&#x639;&#x631; &#x644;3 &#x645;&#x62C;&#x644;&#x62F;&#x627;&#x62A;</subfield>
    <subfield code="y">BB</subfield>
    <subfield code="z">&#x645;&#x62C;. 2</subfield>
  </datafield>
  <datafield tag="952" ind1=" " ind2=" ">
    <subfield code="0">0</subfield>
    <subfield code="1">0</subfield>
    <subfield code="2">ddc</subfield>
    <subfield code="4">0</subfield>
    <subfield code="7">0</subfield>
    <subfield code="8">Scien G.</subfield>
    <subfield code="a">MAIN</subfield>
    <subfield code="b">MAIN</subfield>
    <subfield code="c">1ST</subfield>
    <subfield code="d">2017-05-06</subfield>
    <subfield code="e">Purchase</subfield>
    <subfield code="g">500.00</subfield>
    <subfield code="h">666</subfield>
    <subfield code="o">342.6206 &#x623; &#x628; &#x648;</subfield>
    <subfield code="p">000046048</subfield>
    <subfield code="r">2025-07-15 00:00:00</subfield>
    <subfield code="s">2024-11-28</subfield>
    <subfield code="v">625.00</subfield>
    <subfield code="x">&#x627;&#x644;&#x633;&#x639;&#x631; &#x644;3 &#x645;&#x62C;&#x644;&#x62F;&#x627;&#x62A;</subfield>
    <subfield code="y">BB</subfield>
    <subfield code="z">&#x645;&#x62C;. 3</subfield>
  </datafield>
</record>
